| 000 | 00654nam a2200205Ia 4500 | ||
|---|---|---|---|
| 003 | IN-BaIIA | ||
| 008 | 211028s9999 xx 000 0 eng d | ||
| 020 | _a3-7186-0566-X | ||
| 040 | _cIIA Library | ||
| 080 |
_a52-728 _bKIM |
||
| 100 |
_aKim, Chung Wook _919287 |
||
| 245 | 0 |
_aNeutrinos in physics and astrophysics _cChung Wook Kim and Aihud Pevsner |
|
| 260 |
_aUSA _bHarwood Academic Publishers _c1993 |
||
| 300 | _axxvi, 429p. | ||
| 650 | _aAstronomy and astrophysics thesaurus | ||
| 650 |
_aNeutrinos _91923 |
||
| 650 |
_aNuclear astrophysics _92774 |
||
| 700 |
_aPevsner, Aihud _919288 |
||
| 942 | _cBK | ||
| 999 |
_c11252 _d11252 |
||